| 000 | 00854aaa a2200217 a 4500 | ||
|---|---|---|---|
| 001 | 78356 | ||
| 003 | BD-RjUL | ||
| 005 | 20211209083124.0 | ||
| 008 | 210913s1955 le ||||| |||| 001 0 ara d | ||
| 035 | _a(BD-RjUL)78582 | ||
| 040 |
_aBD-RjUL _beng _cBD-RjUL |
||
| 041 | _aara | ||
| 082 |
_223 _a181.5 _bIQT 1955 |
||
| 100 | 1 |
_aاقبال، محمد ;; Iqbal, Muhammad _d ١٨٧٧ -١٩٣٨ _9247756 |
|
| 245 | 1 | 0 |
_aتجديد التفكير الديني في الاسلام ;; tajdid altafkir aldiynii fi alaislam / _c Muhammad Iqbal; Translated into Arabic by Abbas Mahmoud ;; محمد اقبال ؛ نقله الى العربية عباس محمود |
| 650 |
_aIslamic philosophy _9247757 |
||
| 650 |
_aIslam _9247758 |
||
| 650 |
_aPhilosophy and religion _9247759 |
||
| 700 |
_aMahmoud, Abbas ;; محمود عباس _9247762 |
||
| 942 |
_2ddc _cBK |
||
| 999 |
_c78356 _d78356 |
||